000 01084nam a2200325 a 4500
001 000110136
003 CHAP
005 20220329144119.0
008 140725s2014 it |r| ||||||eng d
010 _a106598
011 _a107570
020 _a9789253071463
040 _cCHAP
082 0 4 _a639.2
_bF461 v.1074
245 1 0 _aAcuerdo sobre medidas del Estado rector de puerto destinadas a prevenir, desalentar y eliminar la pesca ilegal, no declarada y no reglamentadoa :
_bantecedentes y guía de aplicación /
_cpor David J. Doulman y Judith Swan.
260 _aRoma :
_bFAO,
_c2014.
300 _ax, 173 p.
490 1 _aPesca y Acuicultura circular
_v; 1074
590 _aE5995AHE
_b05
_c20140725
_lUCH01
_h0952
590 _aE5995AHE
_b05
_c20140725
_lUCH01
_h0956
590 _aE5995AHE
_b05
_c20140725
_lUCH01
_h0956
650 1 4 _aNormas.
_981763
650 1 4 _aPesca
_xLeyes.
_987396
700 1 _aDoulman, David J.
_934091
700 1 _aSwan, Judith
_9110850
830 0 _aPesca y Acuicultura circular
_v; 1074
_987441
901 _aBK
942 _cLIBRO
942 _n0
999 _c106598
_d106598